Länder Balkan - Statistiken

Allgemein
  • Dieses Quiz wurde 54 mal gespielt
  • Das Durchschnittsergebnis liegt bei 7 aus 9
Antwortstatistiken
Antwort % Korrekt
Kroatien
96%
Serbien
94%
Albanien
92%
Kosovo
90%
Montenegro
84%
Slowenien
84%
Griechenland
68%
Mazedonien
60%
Bosnien Herzegowina
24%
Keine übereinstimmenden Quizze gefunden
Verteilung der Resultate
Anzahl Personen mit jedem Resultat
Perzentil nach korrekt beantworteten Fragen
Ihre Resultats-Entwicklung
Sie haben dieses Quiz noch nicht gespielt